Электронно-лучевая наплавка коррозионно-стойких покрытий; Инновационные технологии и экономика в машиностроении

書誌詳細
Parent link:Инновационные технологии и экономика в машиностроении.— 2007.— С. 243-245
その他の著者: Полетика И. М., Голковский М. Г., Перовская М. В., Крылова Т. А.
言語:ロシア語
出版事項: 2007
主題:
フォーマット: 図書の章
KOHA link:https://koha.lib.tpu.ru/cgi-bin/koha/opac-detail.pl?biblionumber=135385

MARC

LEADER 00000naa2a2200000 4500
001 135385
005 20231031140037.0
035 |a (RuTPU)RU\TPU\book\146730 
090 |a 135385 
100 |a 20080410d2007 k y0rusy50 ca 
101 0 |a rus 
102 |a RU 
200 1 |a Электронно-лучевая наплавка коррозионно-стойких покрытий  |f И. М. Полетика [и др.] 
463 0 |0 (RuTPU)RU\TPU\book\136479  |t Инновационные технологии и экономика в машиностроении  |o V Всероссийская научно-практическая конференция с международным участием, г. Юрга 14-15 сентября 2007 г.  |o труды  |f Томский политехнический университет (ТПУ) ; Юргинский технологический институт (филиал) ; под ред. Д. А. Чинахова  |v С. 243-245  |d 2007  |p 558 с. 
610 1 |a покрытия 
610 1 |a коррозионностойкие покрытия 
610 1 |a наплавка 
610 1 |a электронно-лучевая наплавка 
610 1 |a ускорители 
610 1 |a релятивистские электроны 
610 1 |a стали 
610 1 |a труды учёных ТПУ 
701 1 |a Полетика  |b И. М. 
701 1 |a Голковский  |b М. Г. 
701 1 |a Перовская  |b М. В. 
701 1 |a Крылова  |b Т. А. 
801 1 |a RU  |b 63413507  |c 20080410  |g PSBO 
942 |c BK